书目信息 |
| 题名: |
中国教育改造
|
|
| 作者: | 陶行知, 著 | |
| 分册: | ||
| 出版信息: | 合肥 安徽人民出版社 2019 |
|
| 页数: | 236页 | |
| 开本: | 23cm | |
| 丛书名: | 兰台学术文库 | |
| 单 册: | ||
| 中图分类: | G40-092.6 | |
| 科图分类: | ||
| 主题词: | 教育思想--jiao yu si xiang--中国--民国--文集 | |
| 电子资源: | ||
| ISBN: | 978-7-212-10116-9 | |
| 000 | 01013nam 2200277 450 | |
| 001 | 012001002721 | |
| 005 | 20131023194226.0 | |
| 010 | @a978-7-212-10116-9@dCNY40.00 | |
| 099 | @aCAL 012019047852 | |
| 100 | @a20190222d2019 em y0chiy50 ea | |
| 101 | 0 | @achi |
| 102 | @aCN@b340000 | |
| 105 | @ay z 000yy | |
| 106 | @ar | |
| 200 | 1 | @a中国教育改造@Azhong guo jiao yu gai zao@f陶行知著 |
| 210 | @a合肥@c安徽人民出版社@d2019 | |
| 215 | @a236页@d23cm | |
| 225 | 2 | @a兰台学术文库@Alan tai xue shu wen ku |
| 330 | @a本书由陶行知先生亲自编选,汇集了陶行知先生早年发表的教育学论文代表作,全面反映了陶行知先生的教育救国思想。书中除批判传统教育、主张教育改革外,还阐述了平民教育的理念和实践。 | |
| 410 | 0 | @12001 @a兰台学术文库 |
| 600 | 0 | @a陶行知,@Atao xing zhi@f1891-1946@x教育思想@j文集 |
| 606 | 0 | @a教育思想@Ajiao yu si xiang@y中国@z民国@j文集 |
| 690 | @aG40-092.6@v5 | |
| 701 | 0 | @a陶行知,@Atao xing zhi@f1891-1946@4著 |
| 801 | 0 | @aCN@b江苏凤凰@c20191020 |
| 905 | @b1220683-6@dG40-092.6@e1004@f4 | |
| 中国教育改造/陶行知著.-合肥:安徽人民出版社,2019 |
| 236页;23cm.-(兰台学术文库) |
| ISBN 978-7-212-10116-9:CNY40.00 |
| 本书由陶行知先生亲自编选,汇集了陶行知先生早年发表的教育学论文代表作,全面反映了陶行知先生的教育救国思想。书中除批判传统教育、主张教育改革外,还阐述了平民教育的理念和实践。 |
| ● |
| 相关链接 |
|
|
|
|
正题名:中国教育改造
索取号:G40-092.6/1004
 
预约/预借
| 序号 | 登录号 | 条形码 | 馆藏地/架位号 | 状态 | 备注 |
| 1 | 1220683 | 212206833 | 第一样本阅览室/ [索取号:G40-092.6/1004] | 在馆 | |
| 2 | 1220684 | 212206842 | 教育系资料室/ [索取号:G40-092.6/1004] | 在馆 | |
| 3 | 1220685 | 212206851 | 教育系资料室/ [索取号:G40-092.6/1004] | 在馆 | |
| 4 | 1220686 | 212206860 | 第四借阅区/ [索取号:G40-092.6/1004] | 在馆 |